000 00583 a2200181 4500
999 _c9476
_d9476
020 _a2220-5470
050 0 0 _aKTZ 2.23 ZIM 2013
100 _aRowland, J Reid
_eeditor
245 0 0 _aThe Zimbabwe law reports :
_cJ. Reid Rowland
_b2009(2)
264 _aZimbabwe :
_bLegal Resource Foundation,
_c2011
300 _axii, 606 p. ;
500 _aIncludes bibliographical references
650 0 _aLaw reports, digests, etc.
700 1 _aColegrave, J.B
_eeditor
700 1 _aNdlovu, M.E
_eeditor
710 2 _aLegal Resources Foundation (Zimbabwe)
942 _2lcc
_cJOURNALS
_h2.23
_iZIM
_kKTZ